Bezpečnost práce v USA.

Zvláštnosti amerického systému bezpečnosti práce. Priority rozhodujúce pre inšpekciu. Americké predpisy bezpečnosti práce. Pravidelný výkon inšpekcie v baniach a starostlivosť o bezpečnosť a ochranu zdravia pri práci v podnikoch. Kvalifikácia inšpektorov, legislatíva, odškodnenie úrazov a životné pr...

Descrizione completa

Salvato in:
Dettagli Bibliografici
Autore principale: Kočař, S.
Natura: Capitolo di libro
Lingua:ceco
Soggetti:
Tags: Aggiungi Tag
Nessun Tag, puoi essere il primo ad aggiungerne!!

MARC

LEADER 00000naa a2200000 4500
001 r013263
005 20221213083056.8
041 0 |a cze 
044 |a CZ 
245 1 0 |a Bezpečnost práce v USA.  |c S. Kočař 
520 |a Zvláštnosti amerického systému bezpečnosti práce. Priority rozhodujúce pre inšpekciu. Americké predpisy bezpečnosti práce. Pravidelný výkon inšpekcie v baniach a starostlivosť o bezpečnosť a ochranu zdravia pri práci v podnikoch. Kvalifikácia inšpektorov, legislatíva, odškodnenie úrazov a životné prostredie. 
610 2 0 |a bezpečnosť práce 
610 2 0 |a USA 
610 2 0 |a inšpekcia štátna 
610 2 0 |a bane 
610 2 0 |a úrazy pracovné 
610 2 0 |a prostredie životné 
610 2 0 |a predpisy právne 
610 2 0 |a ochrana zdravia 
100 1 |a Kočař, S.